Vanaspati kośa. (Record no. 75367)
[ view plain ]
| 000 -LEADER | |
|---|---|
| fixed length control field | 00640cam a22002411 4500 |
| 001 - CONTROL NUMBER | |
| control field | sa 67005683 |
| 003 - CONTROL NUMBER IDENTIFIER | |
| control field | DLC |
| 005 - DATE AND TIME OF LATEST TRANSACTION | |
| control field | 20260227112359.0 |
| 008 - FIXED-LENGTH DATA ELEMENTS--GENERAL INFORMATION | |
| fixed length control field | 891009t19671965ii bd 000 0 hino |
| 010 ## - LIBRARY OF CONGRESS CONTROL NUMBER | |
| LC control number | sa 67005683 |
| 035 ## - SYSTEM CONTROL NUMBER | |
| System control number | (OCoLC)20458826 |
| 040 ## - CATALOGING SOURCE | |
| Original cataloging agency | DLC |
| Transcribing agency | WaU |
| Modifying agency | DLC |
| 042 ## - AUTHENTICATION CODE | |
| Authentication code | premarc |
| 050 00 - LIBRARY OF CONGRESS CALL NUMBER | |
| Classification number | QK9 |
| Item number | .J33 1967 |
| 100 1# - MAIN ENTRY--PERSONAL NAME | |
| Personal name | Jain, S. K. |
| Fuller form of name | (Sudhanshu Kumar), |
| Dates associated with a name | 1926- |
| 245 10 - TITLE STATEMENT | |
| Title | Vanaspati kośa. |
| 260 ## - PUBLICATION, DISTRIBUTION, ETC. | |
| Date of publication, distribution, etc. | [1967, c1965] |
| 300 ## - PHYSICAL DESCRIPTION | |
| Extent | 100 p. |
| Dimensions | 22 cm. |
| 500 ## - GENERAL NOTE | |
| General note | In Hindi. |
| 504 ## - BIBLIOGRAPHY, ETC. NOTE | |
| Bibliography, etc. note | Bibliography: p. [99]-100. |
| 650 #0 - SUBJECT ADDED ENTRY--TOPICAL TERM | |
| Topical term or geographic name entry element | Botany |
| General subdivision | Dictionaries |
| -- | Hindi. |
| 650 #0 - SUBJECT ADDED ENTRY--TOPICAL TERM | |
| Topical term or geographic name entry element | Hindi language |
| General subdivision | Dictionaries |
| -- | Latin. |
No items available.